000 02093nam1a2200349 i 4500
001 RU\NLR\BIBL_A\012477596
005 20241114174536.0
035 _a(NLR Aleph) 012477596
090 _a12112614
_c12112614
100 _a20210317g20199999km y0rusy50 ca
101 0 _arus
102 _aRU
105 _a||||z||||||||
181 0 _ai
_baxxe
182 0 _an
200 1 _aМоделирование сложных систем
_eмонография
_fСухинов А. И., Чистяков А. Е., Проценко Е. А., Проценко С. В.
_g[Министерство образования и науки Российской Федерации, Федеральное государственное бюджетное образовательное учреждение высшего профессионального образования "Донской государственный технический университет"]
203 _aТекст
_bвизуальный
_cнепосредственный
210 _aРостов-на-Дону
_cДГТУпринт
_d2019
215 _d21
300 _aНа 4-й с. обл. авт.: д.ф.-м.н., проф. Сухинов А.И., д.ф.-м.н., проф. Чистяков А.Е., к.ф.-м.н., доц. Проценко Е.А., Проценко С. В.
313 _aРассматриваются физ. задачи и численные методы их решений
606 _aМатематическая физика
_xЗадачи
_xРешение
_xЧисленные методы
_92096223
_3RU\NLR\AUTH\661268291
686 1 _aВ311
701 1 _aСухинов
_bА. И.
_gАлександр Иванович
701 1 _aЧистяков
_bА. Е.
_gАлександр Евгеньевич
701 1 _aПроценко
_bЕ. А.
_gЕлена Анатольевна
701 1 _aПроценко
_bС. В.
_gСофья Владимировна
852 _aNLR
_b2021-3/5229
852 _aNLR
_j2021-3/5229
942 _cBOOK